000 00945nam a2200217 a 4500
001 BRCA_8843
005 20190320210431.0
008 120517s1787----it-#######---#000-0#lat-#
041 _alat
044 _ait
084 _aBE225
_b.P53 1787
100 1 _aPlatelli, Jacobi
_922029
245 1 0 _aR.P. Jacobi Platelli è Societate Jesu, Ss. Theolog. in Universitate Duacena Professoris, Synopsis Universi cursus theologici accuratissima
_btomus quintus, continens de Incarnationes Verbi Divini Theologics, ac Concionatoribus perutilem, nec minus necessarium.
260 _aVenetiis
_bApud Josephum Corona
_c1787
300 _a292 p. (t.5)
_c15 x 9 cm.
500 _aSuperiorum permissu, ac Privilegio
500 _aEstado físico: presenta encuadernación en pergamino con presencia del pez de plata, lomo semi desprendido y algunas hojas deterioradas
650 1 4 _aTeología
_yObras anteriores a 1800
_922030
902 _aCFM
942 _2lcc
_cB
999 _c8494
_d8494